[Event "CZE-ch O/14 corr"]
[Site "Czechia"]
[Date "2003.??.??"]
[Round "?"]
[White "Ciganek, Jiri"]
[Black "Lasik, Petr"]
[Result "0-1"]
[WhiteElo "1875"]
[BlackElo "1800"]
[PlyCount "56"]
[EventDate "2003.??.??"]
[EventType "tourn (corr)"]
[EventRounds "12"]
[EventCountry "CZE"]
[SourceTitle "Corr 2006"]
[Source "ChessBase"]
[SourceDate "2006.04.01"]
[SourceVersion "3"]
[SourceVersionDate "2006.04.01"]
[SourceQuality "1"]

1. e4 e5 2. d4 d5 3. Nd2 c5 4. exd5 Qxd5 5. Ngf3 cxd4 6. Bc4 Qc5 7. 0-0 Bd7 8. Qe2 Bc6 9. Nxe5 Bd5 10. Bxd5 Qxd5 11. Nb3 Nc6 12. Bf4 Nxe5 13. Qxe5+ Ne7 14. Nxd4 Qxe5 15. Bxe5 Ng6 16. Nf3 Nxe5 17. Nxe5 Rc8 18. c3 Bd6 19. Nf3 Ke7 20. Rfd1 Rhd8 21. g3 Bc5 22. Kf1 a5 23. c4 h6 24. b3 g5 25. g4 f6 26. h3 h5 27. Rxd8 Rxd8 28. Nh2 Rd2 0-1

[Event "CZE-ch O/14 corr"]
[Site "Czechia"]
[Date "2003.??.??"]
[Round "?"]
[White "Ciganek, Jiri"]
[Black "Volf, Michal"]
[Result "1/2-1/2"]
[WhiteElo "1875"]
[BlackElo "1800"]
[PlyCount "62"]
[EventDate "2003.??.??"]
[EventType "tourn (corr)"]
[EventRounds "12"]
[EventCountry "CZE"]
[SourceTitle "Corr 2006"]
[Source "ChessBase"]
[SourceDate "2006.04.01"]
[SourceVersion "3"]
[SourceVersionDate "2006.04.01"]
[SourceQuality "1"]

1. e4 e5 2. Nf3 d6 3. d4 Nf6 4. Nc3 Nbd7 5. Bc4 Be7 6. 0-0 h6 7. Qe2 c6 8. dxe5 Nxe5 9. Nxe5 dxe5 10. Qf3 b5 11. Bb3 Qc7 12. h3 b4 13. Ne2 a5 14. Bc4 c5 15. Qg3 g5 16. f3 0-0 17. h4 Nh5 18. Qh2 Nf4 19. hxg5 Bxg5 20. Nxf4 exf4 21. b3 Be6 22. Bxe6 fxe6 23. Rd1 Rfd8 24. Be3 a4 25. Bf2 axb3 26. cxb3 Rxa2 27. Qh5 Rxd1+ 28. Rxd1 Qe7 29. Qg6+ Kh8 30. Rc1 Qd7 31. Bxc5 Qd2 1/2-1/2